Homo Ludens

Sparad:
Bibliografiska uppgifter
Huvudupphovsman: Huizinga, Johan (autor)
Materialtyp: Bok
Språk:spanska
Publicerad: Madrid, España: Alianza, 1972.
Upplaga:Primera edición
Serie:El Libro de Bolsillo. Sección Humanidades.
Ämnen:
Taggar: Lägg till en tagg
Inga taggar, Lägg till första taggen!

MARC

LEADER 00000cam a2200000 a 4500
001 UCW3945
003 CL-VaPUC
005 20231113130645.0
008 890613e19720000SP |||||||||||||||||spa|d
999 |c 217795  |d 217793 
020 |a 842061412 
040 |c Pontificia Universidad Católica de Valparaíso 
082 0 4 |a 901 HUI 1972   |2 21  
100 |a Huizinga, Johan  |e autor  |9 590464 
245 1 0 |a Homo Ludens 
250 |a Primera edición  
260 |a Madrid, España:   |b Alianza,   |c 1972.  
300 |a 271 páginas.  
490 0 |a El Libro de Bolsillo. Sección Humanidades.  
500 |a c.4. Donación Familia Prof. Alejandro Guzmán B.  
583 |a last modification  |c 20170420 01:46:16  |k Rodrigo Vera 
650 0 |a Civilización   |9 255823  |x Filosofía 
650 0 |a Sociología   |9 255410  |x Juego  |x Cultura 
942 |c BK  |2 ddc  |n 0 
945 |d 19890613 00:00:00  |a cmena 
952 |0 0  |1 0  |3 erb  |4 0  |6 901_000000000000000_HUI_1972  |7 0  |8 A  |9 206252  |a BIBEDU  |b BIBEDU  |i 5389364  |l 1  |o 901 HUI 1972  |p 5389364  |r 2023-04-24  |s 2023-04-11  |w 2019-11-15  |y BK  |z Catalogado en:20170422  |k FIL 
952 |0 0  |1 0  |2 ddc  |4 0  |6 901_000000000000000_HUI_1972  |7 1  |8 C_AGB  |9 579544  |a BIBDER  |b BIBDER  |d 2021-12-13  |e Donación   |i 5628687  |l 1  |o 901 HUI 1972  |p 5628687  |r 2023-06-19  |s 2023-06-19  |t 4  |w 2021-12-13  |y BK_US  |k AGB